| 000 | 00000nas 2200000za 4500 |
| 001 | 9.505772 |
| 003 | CaOODSP |
| 005 | 20221107133526 |
| 007 | cr ||||||||||| |
| 008 | 150406c20039999oncar p o f0 a0eng|d |
| 022 | |a1708-4164 |
| 040 | |aCaOODSP|beng |
| 043 | |an-cn--- |
| 086 | 1 |aA38-1/1E-PDF |
| 130 | 0 |aOverview of the Canadian agriculture and agri-food system (Online) |
| 222 | 0|aAn overview of the Canadian agriculture and agri-food system |b(Online) |
| 245 | 13|aAn overview of the Canadian agriculture and agri-food system |h[electronic resource]. |
| 260 | |aOttawa : |bAgriculture and Agri-Food Canada, |c2003- |
| 310 | |aAnnual |
| 362 | 0 |aJune 2003- |
| 490 | 0 |aPublication |
| 500 | |aIssued also in French under title: Vue d'ensemble du système agricole et agroalimentaire canadien. |
| 520 | |aProvides an economic overview of the Canadian agriculture and agri-food system. It is meant to be a multi-purpose reference document to provide: an introduction to the agriculture and agri-food system; a snapshot of structural changes that are occurring throughout the system in response to various factors; and background data and information to inform public discussions on challenges and opportunities facing the Canadian agriculture and agri-food system. |
| 550 | |aIssued by: Research and Analysis Directorate, Strategic Policy Branch. |
| 690 | 07|aAgri-food industry|2gcpds |
| 710 | 1 |aCanada.|bAgriculture and Agri-Food Canada. |bStrategic Policy Branch.|bResearch and Analysis Directorate. |
| 775 | 08|tVue d'ensemble du système agricole et agroalimentaire canadien |w(CaOODSP)9.502177 |
| 776 | 0#|tAn overview of the Canadian agriculture and agri-food system |w(CaOODSP)9.515779 |